Name that Classic 2 - Statistics

General Stats
  • This quiz has been taken 26 times
  • The average score is 11 of 15
Answer Stats
Hint Answer % Correct
The __________ of Tom Sawyer Adventures
100%
______ Poppins Mary
100%
________ and Juliet Romeo
100%
A Christmas ______ Carol
95%
Little house on the ______ Prairie
91%
_____ of Green Gables Anne
86%
The strange case of Dr. _______ and Mr. Hyde Jekyll
86%
Little _______ Women
86%
The secret ________ Garden
77%
____ of the wild Call
73%
How green was my _______ Valley
68%
Northanger ______ Abbey
59%
White _____ Fang
45%
Old ________ Yeller
36%
The good _____ Earth
14%
No matching quizzes found
Score Distribution
Percent of People with Each Score
Percentile by Number Answered
Your Score History
You have not taken this quiz